Creating a learning society <a> new approach to growth, development and social progress

Gespeichert in:
Bibliographische Detailangaben
1. Verfasser: Stiglitz, Joseph E.
Weitere Verfasser: Greenwald, Bruce C.
Format: Buch
Sprache:Englisch
Veröffentlicht: New York Columbia University Press 2015
Schlagworte:
Tags: Tag hinzufügen
Keine Tags, Fügen Sie das erste Tag hinzu!

MARC

LEADER 00000nam a2200000 4500
001 0197951
005 20240306140230.2
020 |a 978-0-231-17549-4 
041 0 |a eng 
044 |a US 
245 1 0 |a Creating a learning society  |b <a> new approach to growth, development and social progress  |c Joseph E. Stiglitz and Bruce C. Greenwald 
264 1 |a New York  |b Columbia University Press  |c 2015 
300 |a 660 s. 
610 2 0 |a teórie ekonomické 
610 2 0 |a spoločnosť 
610 2 0 |a učiaca sa organizácia 
610 2 0 |a blahobyt 
610 2 0 |a modely 
610 2 0 |a politika hospodárska 
610 2 0 |a politika priemyselná 
610 2 0 |a politika finančná 
610 2 0 |a makroekonomika 
610 2 0 |a trh 
610 2 0 |a politika investičná 
610 2 0 |a vlastníctvo duševné 
610 2 0 |a modelovanie ekonometrické 
100 1 |a Stiglitz, Joseph E. 
700 1 |a Greenwald, Bruce C.